[Event "HUN-chT2 Szechenyi 0203"]
[Site "Hungary"]
[Date "2002.11.24"]
[Round "3"]
[White "Nemeth, Lilla"]
[Black "Papp, Istvan"]
[Result "0-1"]
[WhiteElo "1717"]
[BlackElo "1861"]
[PlyCount "42"]
[EventDate "2002.09.22"]
[EventType "team"]
[EventRounds "11"]
[EventCountry "HUN"]
[SourceTitle "EXT 2009"]
[Source "ChessBase"]
[SourceDate "2008.11.26"]
[SourceVersion "1"]
[SourceVersionDate "2008.11.26"]
[SourceQuality "1"]

1. e4 c5 2. Nf3 d6 3. d4 cxd4 4. Nxd4 Nf6 5. Nc3 a6 6. Bc4 e6 7. 0-0 Be7 8. Qd3 0-0 9. Re1 Nbd7 10. Nxe6 fxe6 11. Bxe6+ Kh8 12. Qg3 Nc5 13. Bxc8 Qxc8 14. b3 Qg4 15. Qe3 Qh4 16. h3 Rf7 17. e5 dxe5 18. Qxe5 Nfd7 19. Qe2 Raf8 20. Be3 Bf6 21. Bd2 Bd4 0-1

[Event "HUN-chT2 Szechenyi 0203"]
[Site "Hungary"]
[Date "2002.09.22"]
[Round "1"]
[White "Gaal, Ede"]
[Black "Nemeth, Lilla"]
[Result "1-0"]
[WhiteElo "2073"]
[BlackElo "1717"]
[PlyCount "59"]
[EventDate "2002.09.22"]
[EventType "team"]
[EventRounds "11"]
[EventCountry "HUN"]
[SourceTitle "EXT 2009"]
[Source "ChessBase"]
[SourceDate "2008.11.26"]
[SourceVersion "1"]
[SourceVersionDate "2008.11.26"]
[SourceQuality "1"]

1. e4 e5 2. Nf3 Nf6 3. Nxe5 d6 4. Nf3 Nxe4 5. Bd3 d5 6. Qe2 Qe7 7. 0-0 Nc6 8. Re1 Nf6 9. Bb5 Bd7 10. Bxc6 Bxc6 11. Qd1 Ne4 12. d3 0-0-0 13. dxe4 dxe4 14. Nd4 Qf6 15. c3 Bc5 16. Be3 Qg6 17. Qc2 Bd5 18. Nd2 f5 19. Nxf5 Qxf5 20. Bxc5 b6 21. Be3 g5 22. c4 Bb7 23. c5 Kb8 24. Rac1 Rc8 25. c6 Ba8 26. Qxe4 Qb5 27. Qc4 Qf5 28. Nb3 h5 29. Nc5 Bxc6 30. Na6+ 1-0